| 000 | 00330cam a22001217a 4500 | ||
|---|---|---|---|
| 008 | 180718b1968 xxu||||| |||| 00| 0 eng d | ||
| 020 | _a11 550003 0 | ||
| 082 | _aX63 x42 Un3a | ||
| 245 |
_aAdvisory manual on traffic prediction for rural roads _cBy HMSO |
||
| 260 |
_aLondon _bHMSO _c1968 |
||
| 300 | _a6p | ||
| 650 | _aRoads planning | ||
| 999 |
_c411001 _d411001 |
||